| 000 | 00623nam a2200229 a 4500 | ||
|---|---|---|---|
| 005 | 20210219153535.0 | ||
| 008 | 991125n 000 0 u | ||
| 035 | _aUPN01000105434 | ||
| 100 | _aWorden, Patricia E. | ||
| 222 | _aJOURNAL OF READING BEHAVIOR | ||
| 245 | _aYoung children's acquisition of alphabet knowledge | ||
| 300 | _a277-296 | ||
| 362 | _a22, No. 3, 1990 | ||
| 505 | _aEnero 1991 | ||
| 653 | 0 | _aADQUISICION DEL LENGUAJE | |
| 653 | 0 | _aLECTURA INICIAL | |
| 653 | 0 | _aLETRAS (ALFABETO) | |
| 653 | 0 | _aNI\197OS JOVENES | |
| 700 | _aBoettcher, Wendy | ||
| 904 |
_aAC _b043245 |
||
| 905 | _aArticulo | ||
| 999 |
_c79482 _d79482 |
||